Kamus Melayu Global

Bibliographic Details
Other Authors: Hassan Hamzah (Editor)
Format: Book
Language:English
Published: Shah Alam : Piramid Perdana (M) Sdn. Bhd. 1996
Subjects:

MARC

LEADER 00000cam a2200000 7i4500
001 0000001923
005 20240912.0
008 991127 my eng
020 |a 9839372092 (hbk) 
040 |a INS   |b eng   |e rda 
090 0 0 |a RPL5123   |b .K36 1996 
245 0 0 |a Kamus Melayu Global   |c susunan Hasan Hamzah 
264 1 |a Shah Alam :   |b Piramid Perdana (M) Sdn. Bhd.   |c 1996 
300 |a xx, 1265 pages ;   |c 22 cm. 
336 |a text  |2 rdacontent 
337 |a unmediated  |2 rdamedia 
338 |a volume  |2 rdacarrier 
650 0 0 |a Malay Language   |x Dictionaries 
700 0 |a Hassan Hamzah ,   |e editor 
999 |a 0000007118   |b BOOK   |c Red Spot   |e Default branch 
999 |a 0000009037   |b BOOK   |c Red Spot   |e Default branch 
999 |a 0000011450   |b BOOK   |c Red Spot   |e Default branch